| 000 | 00400nam a2200157Ia 4500 | ||
|---|---|---|---|
| 003 | GCL | ||
| 008 | 140319s9999 xx 000 0 eng d | ||
| 040 |
_aGCL / _cGCL |
||
| 082 | 0 | 4 |
_a952 _bT J |
| 100 | 1 | _aTAZAWA, YULAKA | |
| 245 | 1 | 0 |
_aJAPAN'S CULTURAL HISTORY / _cTAZAWA, YULAKA |
| 260 |
_a[S.N] : _bMINISTRY OF FOREIGN AFFAIRS ، _c1973 |
||
| 300 | _a120 P | ||
| 650 | 0 | 4 | _aJAPAN |
| 942 |
_2ddc _cBK |
||
| 999 |
_c21279 _d21279 |
||